Statistiques concernant Rivières belges sur une carte

Cliquez ici pour prendre le quiz!

Statistiques générales

  • Ce quiz a été pris 1 656 fois
  • Le résultat moyen est 7 sur 18

Réponses sur la Carte

Les réponses sont colorées sur une échelle allant du rouge au vert en fonction du pourcentage des utilisateurs qui les ont devinées à leur premier essai. Vous pouvez retrouver ces pourcentages ci-dessous.
 

Statistiques - réponses

kmCours d'eau% Correct
192¹Meuse
94%
200¹Escaut
72%
92¹Sambre
56%
50Yser
54%
190¹Lys
42%
181²Ourthe
39%
200¹Semois
38%
103Senne
38%
89Lesse
36%
86Dyle
27%
69Dendre
26%
93Amblève
25%
65Vesdre
25%
117²Nèthe
18%
60Haine
17%
85Démer
16%
104²Gette
14%
59Mehaigne
14%

Distribution des résultats

Percentile par nombre de réponses

% des personnes avec chaque résultat

Votre développement - résultats

Vous n’avez pas pris ce quiz